000 01849nam0a2200397 4500
001 RU\NLR\BIBL_A\022358341
005 20241226103148.0
010 _a978-5-08-007342-7
_93000
021 _aRU
_bКН-П-24-052458
_9КН-П-24-5222
035 _a(NLR Aleph) 022358341
090 _a13326830
_c13326830
100 _a20241021d2024 d y0rusy50 ca
101 1 _arus
_cfre
102 _aRU
105 _aac z 000ay
181 0 _ai3
_baxxe
181 0 _ab2
_bxb2e
182 0 _an
200 1 _aГаврош
_aКозетта
_eотрывки из романа "Отверженные"
_e[для среднего школьного возраста
_eперевод с французского]
_fВиктор Гюго
_gвступительная статья Е. А. Погорелой
_gхудожник: А. Иткин
_gпортрет работы Я. А. Борисова
203 _aТекст
_aИзображение
_bвизуальные
_cнепосредственные
210 _aМосква
_cДетская литература
_d2024
215 _a137, [2] с.
_cил., портр.
_d21
225 1 _aШкольная библиотека
333 _a12+
500 1 0 _6z22702
_aОтверженные
_3RU\NLR\AUTH\559676
686 0 _aШ9(4Фр)62-4
700 1 _aГюго
_bВ.
_f1802-1885
_gВиктор
_3RU\NLR\AUTH\7721605
702 1 _6z22500
_aГюго
_bВ.
_f1802-1885
_gВиктор
_3RU\NLR\AUTH\7721605
_4280
702 1 _aИткин
_bА. З.
_cхудожник, писатель
_f1931-
_gАнатолий Зиновьевич
_3RU\NLR\AUTH\77103053
_4040
702 1 _aБорисов
_bЯ. А.
_cхудожник
_3RU\NLR\AUTH\770198524
_4040
942 _cBOOK
980 _aNBR
980 _aNB